[Event "Bayern-chTT (Oberliga)"]
[Site "Bayern 2008/09"]
[Date "2008.10.26"]
[Round "2.1"]
[White "Vavra, Pavel"]
[Black "Bernasek, Jan"]
[Result "1-0"]
[WhiteElo "2269"]
[BlackElo "2426"]
[PlyCount "42"]
[EventDate "2009.03.??"]
[EventType "team-tourn"]
[EventRounds "9"]
[WhiteTeam "Würzburg 1"]
[BlackTeam "Bamberg-SC 1"]

1. d4 Nf6 2. Bg5 Ne4 3. h4 c5 4. d5 Qb6 5. Nd2 Nxg5 6. hxg5 Qxb2 7. e4 g6 8.
Rb1 Qg7 9. Qf3 d6 10. Bb5+ Kd8 11. Qa3 b6 12. Nc4 Bb7 13. Na5 bxa5 14. Qxa5+
Kc8 15. Be2 f5 16. Rh3 e5 17. Rhb3 Qd7 18. Rxb7 Qxb7 19. Rxb7 Kxb7 20. Qd8 a6
21. Qf6 Nd7 1-0

[Event "Bayern-chTT (Oberliga)"]
[Site "Bayern 2008/09"]
[Date "2008.10.26"]
[Round "2.2"]
[White "Jirka, Jiri"]
[Black "Siepelt, Heiner"]
[Result "1/2-1/2"]
[WhiteElo "2345"]
[BlackElo "2276"]
[PlyCount "111"]
[EventDate "2009.03.??"]
[EventType "team-tourn"]
[EventRounds "9"]
[WhiteTeam "Bamberg-SC 1"]
[BlackTeam "Würzburg 1"]

1. d4 Nf6 2. c4 g6 3. g3 Bg7 4. Bg2 O-O 5. Nc3 d6 6. Nf3 Nbd7 7. O-O e5 8. e4
a6 9. h3 exd4 10. Nxd4 Re8 11. Be3 Rb8 12. b3 Nc5 13. Qc2 Bd7 14. Rfd1 Qc8 15.
g4 h5 16. g5 Nh7 17. Kh2 b5 18. cxb5 axb5 19. Nd5 b4 20. h4 c6 21. Nf4 Nf8 22.
Rac1 Qc7 23. Kh1 Ra8 24. Nde2 Nfe6 25. Nxe6 Nxe6 26. Qd2 Nf8 27. Rc2 Ra6 28.
Qxb4 c5 29. Qd2 Bc6 30. Qxd6 Qb7 31. Ng3 Be5 32. Qd2 Bxg3 33. fxg3 Bxe4 34.
Bxc5 Ne6 35. Bg1 Rd8 36. Qxd8+ Nxd8 37. Rxd8+ Kh7 38. Bd4 Ra8 39. Rxa8 Qxa8 40.
Kh2 Bxg2 41. Rxg2 Qe4 42. Bf6 Qd3 43. b4 Qd7 44. Rb2 Qb5 45. a4 Qxa4 46. b5 Qa7
47. b6 Qb7 48. Be5 Kg8 49. Rd2 f6 50. gxf6 Qxb6 51. Bd4 Qb4 52. Be3 Kf7 53. Bg5
Qb5 54. Ra2 Qf1 55. Rd2 Ke6 56. Ra2 1/2-1/2

[Event "Bayern-chTT (Oberliga)"]
[Site "Bayern 2008/09"]
[Date "2008.10.26"]
[Round "2.3"]
[White "Rupp, Markus(73)"]
[Black "Krauseneck, Peter ProfDr"]
[Result "1-0"]
[WhiteElo "2204"]
[BlackElo "2114"]
[PlyCount "53"]
[EventDate "2009.03.??"]
[EventType "team-tourn"]
[EventRounds "9"]
[WhiteTeam "Würzburg 1"]
[BlackTeam "Bamberg-SC 1"]

1. d4 e6 2. c4 f5 3. Nc3 Nf6 4. Nf3 d5 5. Bf4 c6 6. e3 Be7 7. Bd3 O-O 8. Qc2
Ne4 9. g4 Kh8 10. Rg1 g6 11. gxf5 exf5 12. Bh6 Re8 13. Ne5 Be6 14. Bxe4 dxe4
15. Nxe4 fxe4 16. Qxe4 Bf6 17. O-O-O Qc7 18. Bf4 Qg7 19. Nxg6+ hxg6 20. Rxg6
Nd7 21. Rxg7 Bxg7 22. Rg1 Bf7 23. Qf5 Re7 24. Bd6 Rae8 25. Bxe7 Rxe7 26. Qg5
Bf6 27. Qh6# 1-0

[Event "Bayern-chTT (Oberliga)"]
[Site "Bayern 2008/09"]
[Date "2008.10.26"]
[Round "2.4"]
[White "Krug, Stefan(63)"]
[Black "Graef, Harald"]
[Result "1/2-1/2"]
[WhiteElo "2083"]
[BlackElo "2181"]
[PlyCount "35"]
[EventDate "2009.03.??"]
[EventType "team-tourn"]
[EventRounds "9"]
[WhiteTeam "Bamberg-SC 1"]
[BlackTeam "Würzburg 1"]

1. e4 c6 2. Nf3 d5 3. exd5 cxd5 4. Ne5 Nf6 5. d4 g6 6. c3 Bg7 7. Bd3 O-O 8. O-O
Nc6 9. Qe2 Nxe5 10. dxe5 Ng4 11. f4 Nh6 12. Be3 Bf5 13. Nd2 a6 14. Nf3 Bxd3 15.
Qxd3 Nf5 16. Bf2 e6 17. g4 Ne7 18. Nd4 1/2-1/2

[Event "Bayern-chTT (Oberliga)"]
[Site "Bayern 2008/09"]
[Date "2008.10.26"]
[Round "2.5"]
[White "Zehnter, Sebastian"]
[Black "Mittag, Ralf"]
[Result "1-0"]
[WhiteElo "2182"]
[BlackElo "2062"]
[PlyCount "109"]
[EventDate "2009.03.??"]
[EventType "team-tourn"]
[EventRounds "9"]
[WhiteTeam "Würzburg 1"]
[BlackTeam "Bamberg-SC 1"]

1. b3 e5 2. Bb2 Nc6 3. e3 Nf6 4. Bb5 d6 5. Bxc6+ bxc6 6. Ne2 Bb7 7. O-O c5 8.
c4 Be7 9. f4 Qd7 10. Ng3 e4 11. Nh5 Nxh5 12. Qxh5 Bf6 13. Bxf6 gxf6 14. f5
O-O-O 15. Nc3 Qe7 16. Rf4 Rhg8 17. Raf1 Rg5 18. Qxh7 Rdg8 19. g3 Qd7 20. Qh6
Qd8 21. Qh3 d5 22. cxd5 Bxd5 23. Rc1 Bc6 24. Qg2 Qd7 25. Qf2 Rd8 26. Rd1 Re8
27. Qf1 Kb7 28. Qf2 Re5 29. Rf1 Qd3 30. h4 Rg8 31. h5 Qd8 32. Qh2 Qf8 33. h6
Rh8 34. Rh4 Rh7 35. Rff4 Qc8 36. Qh3 Qd7 37. Rf2 Qd3 38. Rg4 Re8 39. Rg7 Reh8
40. Rxh7 Rxh7 41. Qh4 Qd6 42. Nxe4 Qe5 43. Nc3 Qd6 44. Qf4 Qd3 45. Rh2 a6 46.
Qg4 Qc2 47. Kf1 Qd3+ 48. Ke1 Ka7 49. Rh5 Kb7 50. e4 Bb5 51. Kd1 Qf1+ 52. Kc2
Bd3+ 53. Kb2 Qf2 54. Qf4 Qe1 55. Qe3 1-0

[Event "Bayern-chTT (Oberliga)"]
[Site "Bayern 2008/09"]
[Date "2008.10.26"]
[Round "2.6"]
[White "Schwalbe, Gerhard"]
[Black "Reis, Thomas(70)"]
[Result "0-1"]
[WhiteElo "2032"]
[BlackElo "2110"]
[PlyCount "84"]
[EventDate "2009.03.??"]
[EventType "team-tourn"]
[EventRounds "9"]
[WhiteTeam "Bamberg-SC 1"]
[BlackTeam "Würzburg 1"]

1. d4 g6 2. e4 Bg7 3. c3 d6 4. g3 Nc6 5. Bg2 e5 6. Ne2 Nf6 7. O-O O-O 8. Na3
exd4 9. Nxd4 Bd7 10. Re1 Re8 11. Bf4 Ne5 12. Rc1 a6 13. c4 Qe7 14. Qe2 Rab8 15.
Bd2 c5 16. Ndc2 b5 17. Ne3 Bc6 18. Nd5 Qb7 19. Bg5 Bxd5 20. cxd5 c4 21. Bxf6
Bxf6 22. Rb1 Nd3 23. Rf1 Qxd5 24. Qd2 Qc5 25. b4 Qe5 26. Nc2 Qc3 27. Rfd1 Qxd2
28. Rxd2 Bc3 29. Rdd1 d5 30. f3 dxe4 31. fxe4 Rbd8 32. a3 Nb2 33. Rd5 Rxd5 34.
exd5 Re2 35. Rc1 Nd3 36. Rf1 Rxc2 37. d6 Bd4+ 38. Kh1 Nf2+ 39. Kg1 Ne4+ 40. Kh1
Nxd6 41. Rd1 Nf5 42. Bh3 Ne3 0-1

[Event "Bayern-chTT (Oberliga)"]
[Site "Bayern 2008/09"]
[Date "2008.10.26"]
[Round "2.8"]
[White "Kuzmin, Boris"]
[Black "Kuhn, Norbert"]
[Result "0-1"]
[WhiteElo "1874"]
[BlackElo "2081"]
[PlyCount "43"]
[EventDate "2009.03.??"]
[EventType "team-tourn"]
[EventRounds "9"]
[WhiteTeam "Bamberg-SC 1"]
[BlackTeam "Würzburg 1"]

1. d4 d5 2. c4 e6 3. Nc3 Nf6 4. cxd5 exd5 5. Qc2 Be7 6. Bf4 c6 7. e3 Bg4 8. Be2
Bxe2 9. Ngxe2 Nbd7 10. h3 O-O 11. O-O Re8 12. Nc1 Nf8 13. Nd3 Ng6 14. Bh2 Bd6
15. Bxd6 Qxd6 16. b4 Ne4 17. Nc5 Nh4 18. Ne2 Qg6 19. Nf4 Nf3+ 20. Kh1 Ng3+ 21.
fxg3 Qxc2 22. Rxf3 0-1

[Event "Bayern-chTT (Oberliga)"]
[Site "Bayern 2008/09"]
[Date "2008.11.30"]
[Round "3.1"]
[White "Heika, Martin"]
[Black "Siepelt, Heiner"]
[Result "0-1"]
[WhiteElo "2384"]
[BlackElo "2276"]
[PlyCount "78"]
[EventDate "2009.03.??"]
[EventType "team-tourn"]
[EventRounds "9"]
[WhiteTeam "Regensburg-Fortuna 1"]
[BlackTeam "Würzburg 1"]

1. e4 g6 2. d4 Bg7 3. Nf3 d6 4. c3 Nf6 5. Bd3 O-O 6. O-O Nc6 7. h3 Nd7 8. Na3
a6 9. Bg5 h6 10. Bh4 Qe8 11. Re1 e5 12. Nc2 Nf6 13. Ne3 Nh5 14. d5 Ne7 15. Bc2
Nf4 16. Bg3 Nh5 17. Bh2 f5 18. exf5 gxf5 19. Nh4 Qf7 20. c4 e4 21. Rb1 Bf6 22.
g3 Kh8 23. Kh1 Rg8 24. Nhg2 Be5 25. Nf4 Nxf4 26. gxf4 Bf6 27. Qe2 Bd7 28. f3
Bh4 29. Rg1 Qh5 30. Rbf1 Rxg1+ 31. Kxg1 Rg8+ 32. Ng2 Bf6 33. Bd1 Qxh3 34. fxe4
fxe4 35. Qxe4 Nf5 36. Qf3 Bd4+ 37. Rf2 Qxf3 38. Bxf3 Nh4 39. Be4 Bh3 0-1

[Event "Bayern-chTT (Oberliga)"]
[Site "Bayern 2008/09"]
[Date "2008.11.30"]
[Round "3.2"]
[White "Seuffert, Gabriel"]
[Black "Speckner, Roland"]
[Result "1/2-1/2"]
[WhiteElo "2242"]
[BlackElo "2295"]
[PlyCount "99"]
[EventDate "2009.03.??"]
[EventType "team-tourn"]
[EventRounds "9"]
[WhiteTeam "Würzburg 1"]
[BlackTeam "Regensburg-Fortuna 1"]

1. c4 c6 2. e4 e5 3. Nc3 Bc5 4. Nf3 d6 5. d4 exd4 6. Nxd4 Nf6 7. Nb3 Bb4 8. Bd3
Ng4 9. O-O Qh4 10. Bf4 Ne5 11. Ne2 Na6 12. a3 Bc5 13. Nxc5 Nxc5 14. Bc2 Qe7 15.
b3 O-O 16. Qd2 a5 17. a4 f5 18. Bg5 Qc7 19. Ng3 fxe4 20. Nxe4 Nxe4 21. Bxe4 Bf5
22. Bxf5 Rxf5 23. Bh4 Rf3 24. Rab1 Rd3 25. Qc2 Qb6 26. Bg3 Qd4 27. Rfd1 Rd8 28.
Kh1 Qe4 29. Rxd3 Qxd3 30. Qd1 Qf5 31. Rb2 Nd3 32. Re2 d5 33. Qc2 dxc4 34. Qxc4+
Qd5 35. h3 Kf7 36. Qh4 Kg8 37. Re7 Rd7 38. Re8+ Kf7 39. Re3 h6 40. Qg4 b5 41.
Kh2 bxa4 42. bxa4 c5 43. Be5 Kg8 44. Bc3 Nxf2 45. Re8+ Kf7 46. Qxg7+ Kxe8 47.
Qh8+ Kf7 48. Qg7+ Ke8 49. Qh8+ Kf7 50. Qg7+ 1/2-1/2

[Event "Bayern-chTT (Oberliga)"]
[Site "Bayern 2008/09"]
[Date "2008.11.30"]
[Round "3.3"]
[White "Rother, Christoph"]
[Black "Rupp, Markus(73)"]
[Result "1/2-1/2"]
[WhiteElo "2239"]
[BlackElo "2217"]
[PlyCount "46"]
[EventDate "2009.03.??"]
[EventType "team-tourn"]
[EventRounds "9"]
[WhiteTeam "Regensburg-Fortuna 1"]
[BlackTeam "Würzburg 1"]

1. d4 d5 2. c4 e6 3. Nc3 Nf6 4. Bg5 Nbd7 5. e3 c6 6. Nf3 Qa5 7. Nd2 dxc4 8.
Bxf6 Nxf6 9. Nxc4 Qc7 10. Rc1 Be7 11. Be2 O-O 12. O-O Rd8 13. Qc2 Bd7 14. Rfd1
Rac8 15. a3 c5 16. dxc5 Qxc5 17. b4 Qc7 18. Qb2 Qb8 19. e4 Bc6 20. f3 Rxd1+ 21.
Rxd1 Rd8 22. Rc1 a6 23. a4 Be8 1/2-1/2

[Event "Bayern-chTT (Oberliga)"]
[Site "Bayern 2008/09"]
[Date "2008.11.30"]
[Round "3.4"]
[White "Graef, Harald"]
[Black "Pohl-Kuemmel, Jens-Uwe"]
[Result "1/2-1/2"]
[WhiteElo "2181"]
[BlackElo "2190"]
[PlyCount "55"]
[EventDate "2009.03.??"]
[EventType "team-tourn"]
[EventRounds "9"]
[WhiteTeam "Würzburg 1"]
[BlackTeam "Regensburg-Fortuna 1"]

1. d4 Nf6 2. Nf3 g6 3. Nc3 d5 4. Bf4 c6 5. Qd2 Bg7 6. Bh6 O-O 7. Bxg7 Kxg7 8.
e3 Ne4 9. Nxe4 dxe4 10. Ng5 Bf5 11. f3 exf3 12. Nxf3 Nd7 13. Bd3 Bxd3 14. Qxd3
Qa5+ 15. c3 e5 16. O-O Rae8 17. Nd2 exd4 18. exd4 f5 19. b4 Qd8 20. Rae1 Nf6
21. Qg3 Qd5 22. a4 Nh5 23. Qf2 a6 24. a5 Nf6 25. Qg3 Nh5 26. Qf2 Nf6 27. Qg3
Nh5 28. Qf2 1/2-1/2

[Event "Bayern-chTT (Oberliga)"]
[Site "Bayern 2008/09"]
[Date "2008.11.30"]
[Round "3.5"]
[White "Mandl, Robert"]
[Black "Zehnter, Sebastian"]
[Result "1/2-1/2"]
[WhiteElo "2199"]
[BlackElo "2182"]
[PlyCount "82"]
[EventDate "2009.03.??"]
[EventType "team-tourn"]
[EventRounds "9"]
[WhiteTeam "Regensburg-Fortuna 1"]
[BlackTeam "Würzburg 1"]

1. Nf3 c5 2. g3 b6 3. Bg2 Bb7 4. c4 Nf6 5. O-O e6 6. Nc3 a6 7. d4 cxd4 8. Qxd4
d6 9. Bg5 Nbd7 10. Rad1 Qc7 11. b3 Be7 12. e4 O-O 13. Bxf6 Nxf6 14. e5 dxe5 15.
Qxe5 Qc8 16. Na4 Bd8 17. Qe3 Rb8 18. Rc1 Bc6 19. Ne5 Bxg2 20. Kxg2 Nd7 21. Nxd7
Qxd7 22. Rfd1 Qb7+ 23. Qf3 Be7 24. Qxb7 Rxb7 25. c5 bxc5 26. Nxc5 Bxc5 27. Rxc5
Ra8 28. Rd6 Kf8 29. Ra5 Rba7 30. Kf3 Ke7 31. Rd4 Rb7 32. Ke3 f6 33. Rc5 Raa7
34. Rc6 Rc7 35. Rdd6 Rxc6 36. Rxc6 Kd7 37. Rb6 a5 38. Kd4 Rc7 39. Kd3 Ra7 40.
Kd4 Rc7 41. Kd3 Ra7 1/2-1/2

[Event "Bayern-chTT (Oberliga)"]
[Site "Bayern 2008/09"]
[Date "2008.11.30"]
[Round "3.6"]
[White "Reis, Thomas(70)"]
[Black "Jauernig, Udo"]
[Result "0-1"]
[WhiteElo "2110"]
[BlackElo "2161"]
[PlyCount "78"]
[EventDate "2009.03.??"]
[EventType "team-tourn"]
[EventRounds "9"]
[WhiteTeam "Würzburg 1"]
[BlackTeam "Regensburg-Fortuna 1"]

1. d4 e6 2. Nf3 Nf6 3. e3 Be7 4. Bd3 c5 5. O-O O-O 6. c4 cxd4 7. exd4 d5 8. b3
b6 9. Nbd2 Nc6 10. Bb2 Bb7 11. Rc1 Re8 12. Qe2 Bf8 13. Rfd1 g6 14. Qe3 Bg7 15.
h3 Rc8 16. Nf1 Qe7 17. Bb1 Qf8 18. Ne5 Red8 19. Ng3 dxc4 20. bxc4 Nxe5 21. dxe5
Nd7 22. Ba3 Nc5 23. Be4 Ba6 24. f4 Qe7 25. Bf3 Qh4 26. Bxc5 Qxg3 27. Rxd8+ Rxd8
28. Be4 Qh4 29. Bd6 Bh6 30. g3 Qxh3 31. Bg2 Qg4 32. Qa3 Bc8 33. c5 bxc5 34.
Qxc5 Qxg3 35. Qxc8 Qh4 36. Qxd8+ Qxd8 37. Rc7 Bf8 38. Bb7 Kg7 39. Rc8 Qb6+ 0-1

[Event "Bayern-chTT (Oberliga)"]
[Site "Bayern 2008/09"]
[Date "2008.11.30"]
[Round "3.7"]
[White "Heumann, Joern"]
[Black "Poppe, Heiko"]
[Result "1-0"]
[WhiteElo "2110"]
[BlackElo "2097"]
[PlyCount "84"]
[EventDate "2009.03.??"]
[EventType "team-tourn"]
[EventRounds "9"]
[WhiteTeam "Regensburg-Fortuna 1"]
[BlackTeam "Würzburg 1"]

1. e4 e6 2. d4 d5 3. Nc3 Nc6 4. Nf3 Bb4 5. e5 Na5 6. Bd2 Nc4 7. Bxc4 dxc4 8.
Qe2 Bxc3 9. Bxc3 Qd5 10. b3 b5 11. Bb4 Ne7 12. O-O Bb7 13. Rfe1 Nf5 14. c3 h5
15. Qf1 Rh6 16. Ng5 Rg6 17. f4 Nh4 18. bxc4 bxc4 19. Re2 Qd7 20. Qe1 Nf5 21.
Rb1 O-O-O 22. Bc5 Qd5 23. Reb2 Ba8 24. Rb8+ Kd7 25. Rxd8+ Kxd8 26. Rb2 Kd7 27.
Re2 f6 28. Ne4 Kc8 29. Bxa7 Rg4 30. Qf2 Nh4 31. g3 Qb5 32. Rb2 Qa5 33. Rb8+ Kd7
34. Rxa8 f5 35. Nc5+ Ke7 36. Kf1 Qxc3 37. Rb8 Nf3 38. Rb2 Nxd4 39. Ne4 fxe4 40.
Bxd4 Qc1+ 41. Kg2 h4 42. Bc5+ Kf7 1-0

[Event "Bayern-chTT (Oberliga)"]
[Site "Bayern 2008/09"]
[Date "2008.11.30"]
[Round "3.8"]
[White "Alm, Christopher"]
[Black "Boca, Harald"]
[Result "0-1"]
[WhiteElo "1990"]
[BlackElo "2080"]
[PlyCount "80"]
[EventDate "2009.03.??"]
[EventType "team-tourn"]
[EventRounds "9"]
[WhiteTeam "Würzburg 1"]
[BlackTeam "Regensburg-Fortuna 1"]

1. d4 Nf6 2. Bg5 g6 3. Bxf6 exf6 4. e3 Bg7 5. g3 O-O 6. Bg2 f5 7. Ne2 d5 8. Nd2
Be6 9. c4 c6 10. Qb3 Qa5 11. Qxb7 Na6 12. Qb3 dxc4 13. Qc3 Qb5 14. Nf4 Bd5 15.
Nxd5 cxd5 16. O-O Rfd8 17. b3 cxb3 18. Nxb3 Bf8 19. Qa5 Qb6 20. Rfc1 Nb4 21.
Qxb6 axb6 22. a3 Nd3 23. Rc6 Rd6 24. Rxd6 Bxd6 25. a4 Nb4 26. a5 bxa5 27. Rxa5
Rxa5 28. Nxa5 f6 29. Nc6 Nd3 30. Bxd5+ Kg7 31. Kf1 Nb2 32. Bb3 Nd3 33. Bc2 Nc1
34. Ke1 Na2 35. Kd2 Nb4 36. Nxb4 Bxb4+ 37. Ke2 Kf7 38. Bb3+ Ke7 39. h4 g5 40.
hxg5 fxg5 0-1

[Event "Bayern-chTT (Oberliga)"]
[Site "Bayern 2008/09"]
[Date "2008.11.30"]
[Round "3.1"]
[White "Jirka, Jiri"]
[Black "Vokac, Marek"]
[Result "0-1"]
[WhiteElo "2345"]
[BlackElo "2441"]
[PlyCount "160"]
[EventDate "2009.03.??"]
[EventType "team-tourn"]
[EventRounds "9"]
[WhiteTeam "Bamberg-SC 1"]
[BlackTeam "Krumbach 1"]

1. d4 g6 2. g3 Bg7 3. Bg2 c6 4. c4 d5 5. Nf3 dxc4 6. Na3 Bg4 7. Be3 Nf6 8. Nxc4
O-O 9. O-O Nbd7 10. Rc1 Be6 11. Bd2 a5 12. Qe1 Bxc4 13. Rxc4 Ne4 14. Bc1 Nb6
15. Rc2 Nd5 16. Ne5 Nb4 17. Rc4 Nd6 18. Rc5 Nf5 19. a3 Na6 20. Rc4 Nxd4 21. Nd3
e5 22. Bd2 Re8 23. Bc3 Rc8 24. Ra4 b6 25. b4 Qd7 26. Qd1 c5 27. Bxd4 exd4 28.
bxc5 Nxc5 29. Rc4 Nxd3 30. Qxd3 Qe6 31. Rxc8 Rxc8 32. a4 Rc3 33. Qb5 Rc5 34.
Qd3 Qc4 35. Qd1 Re5 36. Bf3 Bf8 37. Kg2 Bc5 38. Bc6 Qxe2 39. Qxe2 Rxe2 40. Bb5
Rb2 41. Re1 Kg7 42. Re2 Rb3 43. Rd2 Kf6 44. Rd3 Rc3 45. Rf3+ Ke6 46. g4 f6 47.
h4 Bd6 48. h5 gxh5 49. gxh5 h6 50. Rd3 Be5 51. Kf1 Rc1+ 52. Ke2 Kd5 53. Rd1
Rc2+ 54. Rd2 Rc7 55. Rd1 Bd6 56. Bd3 Re7+ 57. Kf3 Re5 58. Rh1 Bb4 59. Bb5 Be1
60. Bd3 Kc5 61. Be2 Bd2 62. Rd1 Bc3 63. Rb1 Bb4 64. Rc1+ Kd6 65. Rh1 Rf5+ 66.
Kg2 Rc5 67. Kf3 Rc2 68. Rd1 Ke5 69. Bb5 Rb2 70. Rd3 Be1 71. Rd1 Rxf2+ 72. Kg3
Re2+ 73. Kf3 Re3+ 74. Kg2 Bc3 75. Rf1 d3 76. Kf2 Kd4 77. Rh1 Re4 78. Rh3 Re2+
79. Kf1 Re1+ 80. Kf2 d2 0-1

[Event "Bayern-chTT (Oberliga)"]
[Site "Bayern 2008/09"]
[Date "2008.11.30"]
[Round "3.2"]
[White "Lang, Marc(69)"]
[Black "Zvara, Petr"]
[Result "0-1"]
[WhiteElo "2275"]
[BlackElo "2401"]
[PlyCount "142"]
[EventDate "2009.03.??"]
[EventType "team-tourn"]
[EventRounds "9"]
[WhiteTeam "Krumbach 1"]
[BlackTeam "Bamberg-SC 1"]

1. d4 Nf6 2. c4 c5 3. d5 g6 4. Nc3 d6 5. e4 Bg7 6. Bd3 O-O 7. h3 Na6 8. Nf3 Nc7
9. O-O Rb8 10. a4 e6 11. Bf4 e5 12. Bg5 h6 13. Be3 Nh7 14. Qd2 h5 15. Ng5 Nxg5
16. Bxg5 f6 17. Be3 f5 18. exf5 gxf5 19. f4 e4 20. Be2 h4 21. Bf2 b6 22. Nb5
Nxb5 23. axb5 Rb7 24. Ra3 Bf6 25. b4 Kh8 26. bxc5 bxc5 27. Kh2 Rg8 28. Rb1 Qe7
29. Bf1 Qg7 30. Ra6 Rb6 31. Ra3 Rb7 32. Ra6 Rd7 33. Ra3 Qh6 34. b6 a6 35. b7
Rxb7 36. Rxb7 Bxb7 37. Rb3 Qg7 38. Qe1 Qe7 39. Rb6 Rg7 40. Qe2 Rh7 41. Qd2 Qc7
42. Rb3 Bc8 43. Qe1 a5 44. Ra3 Bd8 45. Qe3 Kg8 46. Be1 Qa7 47. Bc3 a4 48. Bb2
Rh6 49. Be2 Qb7 50. Bc3 Bd7 51. Bd1 Rg6 52. Bxa4 Rg3 53. Qc1 Bxa4 54. Rxa4 Qb3
55. Ra8 Qxc3 56. Rxd8+ Kf7 57. Rd7+ Ke8 58. Qxc3 Rxc3 59. Rxd6 Rxc4 60. Rf6 Rd4
61. Rxf5 c4 62. d6 Kd7 63. Kg1 e3 64. Kf1 Rd2 65. Re5 Rf2+ 66. Ke1 c3 67. Rxe3
c2 68. Rc3 Rxg2 69. f5 Kxd6 70. f6 Ke6 71. Rc6+ Kf7 0-1

[Event "Bayern-chTT (Oberliga)"]
[Site "Bayern 2008/09"]
[Date "2008.11.30"]
[Round "3.4"]
[White "Kempter, Ronald"]
[Black "Krauseneck, Peter ProfDr"]
[Result "1-0"]
[WhiteElo "2223"]
[BlackElo "2114"]
[PlyCount "72"]
[EventDate "2009.03.??"]
[EventType "team-tourn"]
[EventRounds "9"]
[WhiteTeam "Krumbach 1"]
[BlackTeam "Bamberg-SC 1"]

1. Nf3 f5 2. d3 Nf6 3. e4 d6 4. Nc3 e5 5. exf5 Bxf5 6. d4 e4 7. Nh4 Bg4 8. Be2
Be6 9. d5 Bf7 10. Qd4 c5 11. Qa4+ Nbd7 12. Nf5 g6 13. Nh6 Qe7 14. Nb5 Nxd5 15.
Bc4 Bxh6 16. Bxd5 Bxc1 17. Bxf7+ Kxf7 18. Qb3+ Kg7 19. Rxc1 Nf6 20. c4 Rhd8 21.
Rd1 a6 22. Nxd6 b5 23. Qg3 Qe6 24. O-O Rd7 25. Rd2 Rad8 26. Rfd1 b4 27. Qf4 h6
28. h4 Kh7 29. Nxe4 Nxe4 30. Rxd7+ Rxd7 31. Rxd7+ Qxd7 32. Qxe4 Kg7 33. g3 h5
34. Qe5+ Kh7 35. Qxc5 Qd1+ 36. Kg2 Qd3 1-0

[Event "Bayern-chTT (Oberliga)"]
[Site "Bayern 2008/09"]
[Date "2008.11.30"]
[Round "3.5"]
[White "Krug, Stefan(63)"]
[Black "Wild, Rudolf(63)"]
[Result "1-0"]
[WhiteElo "2083"]
[BlackElo "2205"]
[PlyCount "99"]
[EventDate "2009.03.??"]
[EventType "team-tourn"]
[EventRounds "9"]
[WhiteTeam "Bamberg-SC 1"]
[BlackTeam "Krumbach 1"]

1. e4 c5 2. c3 Nf6 3. e5 Nd5 4. d4 e6 5. Nf3 cxd4 6. cxd4 d6 7. a3 Nc6 8. Bd3
Qb6 9. O-O Bd7 10. Nc3 Nxc3 11. bxc3 dxe5 12. dxe5 Bc5 13. Qe2 Qc7 14. Bf4 Ne7
15. Ng5 h6 16. Ne4 Nd5 17. Bd2 Be7 18. c4 Nb6 19. c5 Bxc5 20. Rac1 Na4 21. Bb5
b6 22. Nd6+ Ke7 23. Bxa4 Bxa4 24. Qg4 Bc6 25. Qxg7 Rag8 26. Qf6+ Kd7 27. Qxf7+
Kd8 28. g3 Bxd6 29. Qxc7+ Kxc7 30. exd6+ Kxd6 31. Bf4+ Kd7 32. Be5 Rc8 33. Bxh8
Rxh8 34. f4 Rf8 35. Rfe1 Bd5 36. Kf2 Kd6 37. Re5 b5 38. Ke3 a5 39. Kd4 Rb8 40.
Rb1 b4 41. axb4 axb4 42. Re2 b3 43. Kc3 h5 44. Ra1 Rc8+ 45. Kb2 Rc6 46. Ra3 Rb6
47. Ra5 Bc4 48. Rd2+ Ke7 49. Rxh5 Ra6 50. Kc3 1-0

[Event "Bayern-chTT (Oberliga)"]
[Site "Bayern 2008/09"]
[Date "2008.11.30"]
[Round "3.6"]
[White "Egger, Thomas(58)"]
[Black "Mittag, Ralf"]
[Result "1/2-1/2"]
[WhiteElo "2156"]
[BlackElo "2062"]
[PlyCount "41"]
[EventDate "2009.03.??"]
[EventType "team-tourn"]
[EventRounds "9"]
[WhiteTeam "Krumbach 1"]
[BlackTeam "Bamberg-SC 1"]

1. Nf3 g6 2. g3 Bg7 3. d4 Nf6 4. Bg2 O-O 5. c4 d5 6. cxd5 Nxd5 7. O-O c6 8. e4
Nb6 9. Nc3 Bg4 10. Be3 e5 11. d5 cxd5 12. Bxb6 Qxb6 13. Nxd5 Qd8 14. Ne3 Qxd1
15. Rfxd1 Bxf3 16. Bxf3 Nc6 17. Rd7 Rab8 18. Nd5 Rfd8 19. Rxd8+ Rxd8 20. Rc1
Bf8 21. Be2 1/2-1/2

[Event "Bayern-chTT (Oberliga)"]
[Site "Bayern 2008/09"]
[Date "2008.11.30"]
[Round "3.7"]
[White "Schwalbe, Gerhard"]
[Black "Jussupow, Nadia"]
[Result "1-0"]
[WhiteElo "2032"]
[BlackElo "2123"]
[PlyCount "161"]
[EventDate "2009.03.??"]
[EventType "team-tourn"]
[EventRounds "9"]
[WhiteTeam "Bamberg-SC 1"]
[BlackTeam "Krumbach 1"]

1. e4 e5 2. Nf3 Nf6 3. d3 Nc6 4. Be2 Bc5 5. O-O d6 6. Nc3 h6 7. Na4 Be6 8. Nxc5
dxc5 9. Be3 Qd6 10. a3 O-O 11. Nd2 Nd4 12. h3 Rad8 13. b3 b5 14. a4 a6 15. Kh1
Qc6 16. f4 exf4 17. Rxf4 c4 18. axb5 axb5 19. bxc4 bxc4 20. Rxf6 gxf6 21. Bxh6
f5 22. Bxf8 Kxf8 23. Bf1 fxe4 24. Nxe4 Bf5 25. Nf2 Rd6 26. Qb1 cxd3 27. cxd3
Qb6 28. Ra8+ Kg7 29. Rb8 Qxb1 30. Rxb1 Rb6 31. Rc1 Rb2 32. Kg1 c6 33. Rc4 Nc2
34. Rxc6 Ne3 35. Rc1 Rd2 36. Ne4 Nxf1 37. Rxf1 Bxe4 38. dxe4 f6 39. Rf2 Rd1+
40. Kh2 Re1 41. Rf4 Kg6 42. Kg3 Re3+ 43. Kh4 Re2 44. g3 Ra2 45. Kg4 Ra4 46. h4
Ra5 47. Rf5 Ra4 48. Kf4 Rb4 49. Rc5 Rb1 50. Rc6 Rf1+ 51. Kg4 Re1 52. h5+ Kg7
53. Rc7+ Kh6 54. Rc4 Re2 55. Kf3 Re1 56. g4 Rf1+ 57. Kg2 Re1 58. Kf2 Rh1 59.
Rc5 Rh3 60. Rf5 Kg7 61. Rf3 Rh1 62. Ke3 Re1+ 63. Kf4 Ra1 64. Rh3 Ra5 65. h6+
Kh7 66. Rh5 Ra1 67. g5 Rf1+ 68. Ke3 fxg5 69. Rxg5 Kxh6 70. Rg3 Rf8 71. e5 Rf1
72. Ke4 Re1+ 73. Kf5 Rf1+ 74. Ke6 Re1 75. Kf6 Rf1+ 76. Ke7 Re1 77. e6 Rf1 78.
Ke8 Re1 79. e7 Ra1 80. Re3 Kg7 81. Kd7 1-0

[Event "Bayern-chTT (Oberliga)"]
[Site "Bayern 2008/09"]
[Date "2008.11.30"]
[Round "3.8"]
[White "Jussupow, Ekaterina"]
[Black "Mikuta, Alexander"]
[Result "1-0"]
[WhiteElo "2180"]
[BlackElo "1965"]
[PlyCount "57"]
[EventDate "2009.03.??"]
[EventType "team-tourn"]
[EventRounds "9"]
[WhiteTeam "Krumbach 1"]
[BlackTeam "Bamberg-SC 1"]

1. d4 Nf6 2. Nf3 e6 3. Bg5 h6 4. Bh4 d5 5. e3 Nbd7 6. Bd3 c5 7. c3 Be7 8. Nbd2
cxd4 9. exd4 a6 10. O-O b5 11. Ne5 Nxe5 12. dxe5 Nd7 13. Bg3 Bh4 14. Qh5 Bxg3
15. fxg3 Qe7 16. Rxf7 Qg5 17. Bg6 Kd8 18. Qxg5+ hxg5 19. Re1 Rb8 20. Nf3 Nf8
21. Rxg7 Nxg6 22. Rxg6 b4 23. Nxg5 Ke7 24. Rg7+ Kf8 25. Rf7+ Ke8 26. Ref1 bxc3
27. bxc3 Rg8 28. Nh7 Kd8 29. c4 1-0

[Event "Bayern-chTT (Oberliga)"]
[Site "Bayern 2008/09"]
[Date "2008.11.30"]
[Round "3.1"]
[White "Plaskett, Harold James"]
[Black "Taggatz, Mario"]
[Result "0-1"]
[WhiteElo "2469"]
[BlackElo "2274"]
[PlyCount "74"]
[EventDate "2009.03.??"]
[EventType "team-tourn"]
[EventRounds "9"]
[WhiteTeam "Burgsinn 1"]
[BlackTeam "Gröbenzell 1"]

1. d4 f5 2. g3 Nf6 3. Bg2 e6 4. c4 Be7 5. Nc3 O-O 6. Nh3 d6 7. Nf4 e5 8. Nfd5
c6 9. Nxe7+ Qxe7 10. b3 a5 11. Ba3 e4 12. Qd2 Na6 13. Na4 Qc7 14. Rc1 Bd7 15.
O-O Rad8 16. Nc3 Rfe8 17. Qf4 Nb4 18. Rfd1 h6 19. c5 Be6 20. d5 Nfxd5 21. Nxd5
cxd5 22. Rd4 b6 23. Bxb4 axb4 24. c6 Ra8 25. Bh3 g5 26. Qd2 Ra5 27. e3 Rc5 28.
Rxc5 bxc5 29. Rxd5 Bxd5 30. Qxd5+ Kg7 31. Qxf5 Qxc6 32. Bf1 d5 33. h4 Rf8 34.
Qh3 Qf6 35. Qh2 gxh4 36. gxh4 Kh8 37. Be2 Rg8+ 0-1